00557nam a22001577a 4500020000800000040001600008082001800024100003500042245008900077250001700166260004600183300003900229942001200268999001900280952010000299 qPB. cFIZZA ISHAQ a878.0409bERA a Erasmus , Desiderius.9134025 aPraise of Folly and Other Writings: A Norton Critical Edition /cDesiderius Erasmus. aCritical ED. aNew York:bW. W. Norton & Company,c1989. a340 P. ;c 13.34 x 1.91 x 21.59 cm 2ddccBK c616949d616949 00102ddc4070aNQCbNQCcGENd2026-04-09l0o878.0409 ERApQD-718r2026-04-09w2026-04-09yBK